LEADER 00925nam a2200241 a 4500 001 000000139054 003 CaOOAMICUS 005 20140627133032.0 008 140627s1947 it af u000 u ita r 040 $aPUL$bita 082 04$a858 100 1 $aPaolucci di Valmaggiore, Raffaele.$0(OLS)http://pul/name/89684 245 13$aIl mio piccolo mondo perduto /$cRaffaele Paolucci di V. 260 $aBologna :$bCappelli,$c1947. 300 $a452 p., [9] p. di tav. :$bill. ;$c21 cm 850 $aPUL 852 $aPUL$W1$xDP2 Cons. Gen., Altre Classi 3$y97$m858 PAORA 1$j160560$qDDC 21$B159983$CPULBib$Z2$F159983 $H124303 $82 941 1 $a9 961 $aDedica autografa dell'A. 996 $6082$a858$9(OLS)http://pul/classification/1926 996 $6245$aIl mio piccolo mondo perduto$9(OLS)http://pul/title/176051 996 $6260$aBologna :$bCappelli$9(OLS)http://pul/publisher/47917 LEADER 01442namaa2200337 i 4500 001 000000178076 003 CaOOAMICUS 005 20250923104649.0 007 tu 008 250923s2025 ii 000 u eng r 020 $a978-81-979669-3-4* 040 $aPUL$bita$erda 082 0 $a262.4 100 1 $aPallath, Paul,$csacerdote,$d1959-,$eautore.$0(OLS)http://pul/name/34734 245 10$aUniversal primacy of the pope and synodality :$bsome reflections from an Eastern perspective /$cPaul Pallath. 264 4$cİ2025. 264 1$aKerala :$bOriental institute of religious studies,$c[2025] 300 $a272 pagine ;$c22 cm 336 $atesto$btxt$2rdacontent 337 $asenza mediazione$bn$2rdamedia 338 $avolume$bnc$2rdacarrier 504 $aBibliografia : pagine [233]-261. 850 $aPUL 852 $aPUL$W1$xSL Religione 3$y85$m262. 4 PALPA 1$j201989$qDDC 21$B207082$CPULBib$Z2$F207082 $H138158 $82 941 1 $a9 996 $6020$a978-81-979669-3-4*$9(OLS)http://pul/number/170592 996 $6082$a262.4$9(OLS)http://pul/classification/2137 996 $6245$aUniversal primacy of the pope and synodality :$bsome reflections from an Eastern perspective$9(OLS)http://pul/title/219632 996 $6264$aKerala :$bOriental institute of religious studies$9(OLS)http://pul/publisher/61817 996 $6264$a[S.l.] :$b[s.n.]$9(OLS)http://pul/publisher/0